000 00888nmm a2200277 a 4500
001 ocm000656124
003 TR-IsHL
005 20201028134455.0
008 131121s1991 tu tur
007 cr cn
020 _a9789754820881
035 _a656124
_b(N$T)
050 0 4 _aQV736
_b.S25 1991
090 0 4 _aQV736
_b.S25 1991
100 1 _aSakar, M. Koray
245 1 0 _aFitokimyasal analizler tanıtım, miktar tayini ve izolasyon
_h[electronic resource] /
_cM. Koray Sakar ; Mekin Tanker
260 _aAnkara :
_bAnkara Üniversitesi Eczacılık Fakültesi,
_c1991
300 _a238 p.
650 4 _aTıp
650 4 _aMedicine
650 0 _aİlaç endüstrisi
650 0 _aDrug industry
650 7 _aMEDICAL / Drug Guides
_2bisacsh
700 1 _aTanker, Mekin
856 4 0 _uhttp://search.ebscohost.com/login.aspx?direct=true&scope=site&db=e011xww&AN=656124
999 _c6212
_d6212